000 00775nam a2200277Ia 4500
001 Z_4942
003 CHAP
008 220113s1990 xx 000 0 und d
010 _a167997
040 _cCHAP
082 _a636.2 C65
100 _aCongreso Internacional sobre Ganado Lechero del Estado de Hidalgo ( 2: 1990: Pachuca, Edo de Hidalgo.)
_9142226
245 _aMemoria /
_cpor INIFAP
260 _aPachuca, Edo. de Hidalgo :
_bINIFAP,
_c1990
300 _a153 p.
440 _a
500 _a
503 _a
650 _aGanado lechero
_xPachuca Edo. de Hidalgo I. Instituto Nacional de Investigaciones Forestales y Agropecuarias. México
_9142227
901 _a636.2 C65
902 _aA
910 _a1990
942 _c1
942 _cc1
999 _c167997
_d167997